Využitie softvérového produktu Siemens Tecnomatix PLM v rámci konceptu Industry 4.0 pre optimalizáciu ergonómie pracovísk v strojárenskom priemysle

Salvato in:
Dettagli Bibliografici
Autore principale: Talo, Daniel (Autore)
Altri autori: Šišmišová, Dana (Relatore della tesi)
Natura: Manoscritto Libro
Lingua:slovacco
Pubblicazione: 2017
Soggetti:
Accesso online:http://is.stuba.sk/zp/portal_zp.pl?podrobnosti=137163
Tags: Aggiungi Tag
Nessun Tag, puoi essere il primo ad aggiungerne!!

MARC

LEADER 00000ntm a22000003a 4500
001 stuzp64725
003 SK-STU
005 20170624213827.7
007 ta
008 150427s2015----xo-----f-mn---000-0-slo-d
040 |a STU  |b slo 
041 0 |a slo 
100 1 |a Talo, Daniel  |u 020020  |4 aut  |U SjF Strojnícka fakulta  |T SjF Ústav automatizácie, merania a aplikovanej informatiky  |X 63373  |U J0020  |Y 802  |7 63373 
242 0 1 |a Utilization of the Siemens Tecnomatix PLM software product in the Industry 4.0 concept for optimizing the ergonomics of workplaces in the engineering industry  |y eng 
245 1 0 |a Využitie softvérového produktu Siemens Tecnomatix PLM v rámci konceptu Industry 4.0 pre optimalizáciu ergonómie pracovísk v strojárenskom priemysle 
260 |c 2017 
650 4 |a ergonómia pracoviska  |2 slo 
650 4 |a analýza  |2 slo 
650 4 |a optimalizácia  |2 slo 
650 4 |a Industry 4.0  |2 slo 
650 4 |a Tecnomatix Jack  |2 slo 
650 4 |a analysis  |2 eng 
650 4 |a optimization  |2 eng 
650 4 |a Industry 4.0  |2 eng 
650 4 |a Ergonomics of the workplace  |2 eng 
650 4 |a Tecnomatix Jack  |2 eng 
700 1 |a Šišmišová, Dana  |u 020020  |k Z8  |4 ths  |U SjF Strojnícka fakulta  |T SjF Ústav automatizácie, merania a aplikovanej informatiky  |X 14613  |U J0020  |Y 802  |7 A000014613 
856 4 |u http://is.stuba.sk/zp/portal_zp.pl?podrobnosti=137163 
996 |b 284J045278  |c J* 2748/BP  |l JJSK  |s A  |a 24  |w stuzp64725_0001